000 00441nam a2200157Ia 4500
003 OSt
005 20230529102724.0
008 211028s2016 xx 000 0 und d
040 _cAIMIT LIBRARY
041 _aeng
100 _aSushma; Thomas, C G.
_98664
_e141926
110 _aC G Thomas
_98665
245 _aCloud based transcoding and adaptive streaming for limited bandwidth networks.
260 _aMangalore
_c2016
942 _2ddc
_cPRO
999 _c220001
_d220001